| 000 | 004420000a22001810004500 | ||
|---|---|---|---|
| 003 | LK-CoMWRAF | ||
| 008 | 230817t ||||| |||| 00| 0 eng d | ||
| 020 | _a9559622501 | ||
| 040 |
_aLK-CoMWRAF _dLK-CoMWRAF _eLK-CoMWRAF |
||
| 041 | _aeng | ||
| 082 |
_a430 _bAYA |
||
| 100 | _aAyathurai,Arudthiru Arasa | ||
| 245 |
_aVanoliyil kalvi oliparapu _b |
||
| 260 |
_aColombo _bUnie Arts _c1997 |
||
| 300 | _ap.105 | ||
| 650 | _aMedia | ||
| 942 | _cBK | ||
| 999 |
_c2855 _d2855 |
||